The study on epidemiology and prevention measures against strongyloidiasis in swine at saang district, kandal province, (ការសិក្សាអំពីការរាលដាល និងវិធានការការពារប្រយុទ្ធប្រឆំាង និងជំងឺបង្កដោយ Strongyloides ជ្រូក នៅក្នុងស្រុកស្អាង ខេត្តកណ្ដាល) (Record no. 1840)
[ view plain ]
| 000 -LEADER | |
|---|---|
| fixed length control field | 00805nam a22001577a 4500 |
| 003 - CONTROL NUMBER IDENTIFIER | |
| control field | OSt |
| 005 - DATE AND TIME OF LATEST TRANSACTION | |
| control field | 20151003164238.0 |
| 008 - FIXED-LENGTH DATA ELEMENTS--GENERAL INFORMATION | |
| fixed length control field | 151003b xxu||||| |||| 00| 0 eng d |
| 040 ## - CATALOGING SOURCE | |
| Transcribing agency | RUA |
| 082 ## - DEWEY DECIMAL CLASSIFICATION NUMBER | |
| Classification number | AVM TE 1993 B073 Or.1 |
| 100 ## - MAIN ENTRY--PERSONAL NAME | |
| 9 (RLIN) | 1946 |
| Personal name | TE VUTHY |
| 245 ## - TITLE STATEMENT | |
| Title | The study on epidemiology and prevention measures against strongyloidiasis in swine at saang district, kandal province, (ការសិក្សាអំពីការរាលដាល និងវិធានការការពារប្រយុទ្ធប្រឆំាង និងជំងឺបង្កដោយ Strongyloides ជ្រូក នៅក្នុងស្រុកស្អាង ខេត្តកណ្ដាល) |
| 260 ## - PUBLICATION, DISTRIBUTION, ETC. (IMPRINT) | |
| Place of publication, distribution, etc. | phnom penh |
| Name of publisher, distributor, etc. | RUA |
| Date of publication, distribution, etc. | 1993 |
| 300 ## - PHYSICAL DESCRIPTION | |
| Extent | xi, 49p. |
| Other physical details | ill. |
| Dimensions | 29cm. |
| 942 ## - ADDED ENTRY ELEMENTS (KOHA) | |
| Source of classification or shelving scheme | |
| Koha item type | AVM |
| Price effective from | Date last seen | Permanent Location | Not for loan | Date acquired | Date last checked out | Source of classification or shelving scheme | Total Checkouts | Koha item type | Barcode | Lost status | Damaged status | Withdrawn status | Current Location | Full call number |
|---|---|---|---|---|---|---|---|---|---|---|---|---|---|---|
| 2015-10-03 | 2015-10-03 | Library Block B | 2015-10-03 | AVM | RUA017106 | Library Block B | AVM TE 1993 B073 Or.1 | |||||||
| 2015-10-03 | 2015-10-03 | Library Block B | 2015-10-03 | AVM | RUA017343 | Library Block B | AVM TE 1993 B073 Or.2 | |||||||
| 2015-10-03 | 2015-10-03 | Library Block B | 2015-10-03 | AVM | RUA017053 | Library Block B | AVM TE 1993 B073 Or.3 | |||||||
| 2015-10-03 | 2019-12-17 | Library Block B | 2015-10-03 | 2019-12-09 | 1 | AVM | RUA016681 | Library Block B | AVM TE 1993 B073 Or.4 | |||||
| 2015-10-03 | 2015-10-03 | Library Block B | 2015-10-03 | AVM | RUA017481 | Library Block B | AVM TE 1993 B073 Or.6 | |||||||
| 2015-10-03 | 2015-10-03 | Library Block B | 2015-10-03 | AVM | RUA017023 | Library Block B | AVM TE 1993 B073 Or.5 |